| 000 | 00681nam a22001937a 4500 | ||
|---|---|---|---|
| 999 |
_c193021 _d193021 |
||
| 005 | 20221013145708.0 | ||
| 010 | _aUR-11753 | ||
| 020 |
_a9789394616042 _c200.00 |
||
| 035 | _aU-10308 | ||
| 037 |
_bDBAD/PUB _a- |
||
| 082 | _a841 | ||
| 100 | _aمہر النسا ء بیگم مہرو | ||
| 245 |
_aجزبات مہرو / _cمہر النسا ء بیگم مہرو _hا ر د و |
||
| 246 |
_aJazbaath-E-Mehru (collection of Ghazals) / _bby Mehrunnisa Begam Mehru |
||
| 260 |
_aNew Delhi _bEducational Publishing House _c2022 ء |
||
| 270 |
_aH.O. D1/16, Ansari Road, daryaganj _bNew Delhi _e110006 |
||
| 300 |
_a144 ص _c23cm(Hb) |
||
| 942 |
_2ddc _cUR _h841 _mم ہ ر |
||